00700nam a2200241Ia 4500003000900000008004100009040001300050040001300063041000800076100001800084245004300102250002200145260002100167260000900188300001100197300000900208300001000217490001300227490000600240942000700246999001700253952018800270IT-RoPAU120407s9999 xx 000 0 und d aIT-RoPAU cIT-RoPAU aita aJacques Dubuc aIl linguaggio del corpo nella liturgia aCinisello Balsamo aEdizioni Paoline c1989 a200 p. bill. c21 cm aLiturgia v2 cBK c28325d28325 00102ddc406264_800000000000000_10271aPAULUSbPAULUSd2012-04-11l0o264.8.102r2012-04-11 00:00:00w2012-04-11yBKzInserito da: In data: n.d. fondo: Via A.Severo 56 Progr:13004